[Event "Preferente Grupo I"]
[Site ""]
[Date "2011.03.12"]
[Round "6.39"]
[White "Juni Pardos Marcos"]
[Black "Munoz Munoz Juan Carlos"]
[Result "0-1"]
[WhiteElo "1881"]
[BlackElo "2103"]

1.e4 c5 2.Nf3 Nc6 3.d4 cxd4 4.Nxd4 g6 5.Nc3 Bg7 6.Be3 Nf6 7.f3 O-O 8.Bc4 Qb6
9.Qd2 Nxe4 10.fxe4 Bxd4 11.Bxd4 Qxd4 12.Bd3 d6 13.O-O-O Be6 14.Kb1 Rac8 15.Ne2
Qa4 16.a3 Qa5 17.Qe3 b5 18.Nf4 Bg4 19.Rdf1 b4 20.h3 Bd7 21.axb4 Nxb4 22.h4
Qa2+ 23.Kc1 Qa1+ 24.Kd2 Qxb2 25.Rc1 Bg4 26.Ke1 e5 27.Ne2 Bxe2 28.Kxe2 Nxc2 29.
Rxc2 Rxc2+ 30.Bxc2 Qxc2+ 31.Kf3 f5 32.Rc1 0-1

[Event "Preferente Grupo I"]
[Site ""]
[Date "2011.03.12"]
[Round "6.40"]
[White "Prat Guisado Christian"]
[Black "Belmonte Barragan Avelino"]
[Result "1/2-1/2"]
[WhiteElo "2055"]
[BlackElo "1784"]

1.d4 Nf6 2.c4 g6 3.Nc3 Bg7 4.e4 d6 5.Nf3 O-O 6.Be2 Na6 7.O-O e5 8.d5 Nc5 9.Qc2
a5 10.Be3 Nh5 11.Qd2 f5 12.exf5 Bxf5 13.Bxc5 dxc5 14.Ne1 Nf4 15.Bf3 Qg5 16.Kh1
Qe7 17.Ne4 Bxe4 18.Bxe4 Qd6 19.Nf3 Nh5 20.Rae1 b6 21.Qg5 1/2-1/2

[Event "Preferente Grupo I"]
[Site ""]
[Date "2011.03.12"]
[Round "6.41"]
[White "Pes Mateo Angel"]
[Black "Colom Sienes Eduardo"]
[Result "0-1"]
[WhiteElo "2052"]
[BlackElo "2026"]

1.d4 Nf6 2.Nf3 g6 3.c3 Bg7 4.Bf4 d6 5.h3 Nc6 6.e3 O-O 7.Be2 Nh5 8.Bh2 Rb8 9.a4
f5 10.Qb3+ Kh8 11.Ng5 e6 12.f4 h6 13.Bxh5 gxh5 14.Nf3 e5 15.dxe5 dxe5 16.O-O
Qd3 17.fxe5 Qxe3+ 18.Kh1 f4 19.Na3 Nxe5 20.Rae1 Qc5 21.Nxe5 Bxe5 22.Nc4 Bg7
23.Bxf4 Rxf4 24.Rxf4 Bd7 25.Ne3 Re8 26.Qc4 Qg5 27.Re4 Rxe4 28.Qxe4 Bc6 29.Qf5
Bxg2+ 30.Kg1 Bxh3+ 31.Qxg5 hxg5 32.Nd5 c6 33.Nc7 g4 34.Ne6 Bf6 35.Nf4 h4 36.
Nxh3 gxh3 37.Kh2 Kg7 38.Kxh3 Kg6 39.Kg4 Bg5 40.c4 Bf6 41.b3 Kf7 42.Kf5 a6 43.
Rd1 Ke7 44.Re1+ Kf7 45.Re6 Be7 46.Re3 Bf6 47.Rd3 Ke7 48.Kg6 Ke6 49.Re3+ Be5
50.Kg5 Kd6 51.Kxh4 Bd4 52.Rd3 Kc5 53.Kg4 Bb2 54.Rd7 b6 55.Kf4 Kb4 56.Rc7 Kxb3
57.Rxc6 Bd4 58.Ke4 Bg1 59.a5 bxa5 60.Rxa6 a4 61.Kd5 a3 62.c5 Bxc5 63.Kxc5 a2
64.Kd4 0-1

[Event "Preferente Grupo I"]
[Site ""]
[Date "2011.03.12"]
[Round "6.42"]
[White "Sanmartin Agustin Alvaro"]
[Black "Forcen Esteban Victor"]
[Result "1/2-1/2"]
[WhiteElo "1994"]
[BlackElo "1945"]

1.e4 c5 2.Nf3 d6 3.d4 cxd4 4.Qxd4 Nc6 5.Bb5 Qa5+ 6.Nc3 Bd7 7.Bxc6 Bxc6 8.Bg5
Nf6 9.O-O-O Nd7 10.Kb1 Qc5 11.Qd2 Ne5 12.Nxe5 Qxe5 13.f4 Qc5 14.Rhe1 f6 15.Bh4
e5 16.Qe2 O-O-O 17.Bf2 Qa5 18.Nd5 Kb8 19.f5 Rd7 20.Rd3 Qd8 21.Ra3 b6 22.Qc4
Bb7 23.Rd1 Qc8 24.Qa4 Bc6 25.Qb4 Qb7 26.Rdd3 Bxd5 27.Rxd5 Be7 28.Qb5 Rc8 29.
Ra6 Qc6 30.Qa4 Qc4 31.c3 Rb7 32.Rd1 Qe2 1/2-1/2

[Event "Preferente Grupo I"]
[Site ""]
[Date "2011.03.12"]
[Round "6.43"]
[White "Sarrio Bambo Pablo"]
[Black "Sacristan Latorre Alberto"]
[Result "0-1"]
[WhiteElo "1885"]
[BlackElo "1959"]

1.d4 Nf6 2.c4 g6 3.Nc3 Bg7 4.e4 d6 5.f3 O-O 6.Be3 Na6 7.Qd2 c5 8.d5 Nc7 9.Bh6
a6 10.g4 b5 11.h4 bxc4 12.Bxc4 e6 13.h5 Qe7 14.Bxg7 Kxg7 15.hxg6 fxg6 16.O-O-O
e5 17.Nge2 Nb5 18.Qh6+ Kg8 19.Rh3 Rf7 20.Rdh1 Rb8 21.Nxb5 axb5 22.Bd3 Ra8 23.
Bb1 b4 24.Ng3 Rg7 25.R3h2 c4 26.Qe3 Nd7 27.f4 exf4 28.Qxf4 Ne5 29.g5 Rxa2 30.
Qe3 Ra1 0-1

[Event "Preferente Grupo I"]
[Site ""]
[Date "2011.03.12"]
[Round "6.44"]
[White "Gomez Salinas Nestor"]
[Black "Gregorio Cabello Alberto"]
[Result "1-0"]
[WhiteElo "1845"]
[BlackElo "1837"]

1.e4 e6 2.d4 d5 3.Nc3 dxe4 4.Nxe4 Nd7 5.Bd3 Ngf6 6.Ne2 b6 7.Bf4 Bb7 8.f3 Be7
9.Qd2 Nd5 10.c3 a6 11.a3 N7f6 12.Be5 Bd6 13.c4 Ne7 14.Bxf6 Bxe4 15.Bxe7 Qxe7
16.Bxe4 Rd8 17.Bc6+ Kf8 18.Qe3 Qh4+ 19.g3 Qh5 20.Nf4 Qf5 21.Be4 Qf6 22.Rd1 g6
23.b4 Kg7 24.O-O h5 25.c5 Be7 26.Bb7 Kh7 27.Rfe1 bxc5 28.bxc5 Rxd4 29.Qxd4
Qxd4+ 30.Rxd4 Bxc5 31.Rd1 e5 32.Kg2 exd4 33.Nd5 Rd8 34.Rc1 Bd6 35.Bxa6 Bxa3
36.Ra1 Rxd5 37.Rxa3 Kg7 38.f4 g5 39.Kf3 c5 40.Bc4 g4+ 41.Ke4 Rd7 42.Ra5 Re7+
43.Kd5 Re3 44.Kxc5 d3 45.Ra2 h4 46.gxh4 Rf3 47.Rd2 Rxf4 48.Bxd3 Kh6 49.Kd5 Kh5
50.Ke5 Rf3 51.Be2 Rh3 52.Kf4 Rxh4 53.Rd8 Kg6 54.Kg3 Rh3+ 55.Kg2 f5 56.Rf8 Re3
57.Bf1 Re7 58.Bd3 Rf7 59.Rg8+ Kh7 60.Rxg4 Rg7 61.Bxf5+ Kh8 62.h3 Rf7 63.Be4
Rg7 64.Kg3 Re7 65.Kf4 Re6 66.Rh4+ 1-0

[Event "Preferente Grupo I"]
[Site ""]
[Date "2011.03.12"]
[Round "6.45"]
[White "Malo Guillen Jose Luis"]
[Black "Garcia Lainez Jose Enrique"]
[Result "1-0"]
[WhiteElo "2183"]
[BlackElo "2116"]

1.d4 Nf6 2.Nf3 g6 3.g3 Bg7 4.Bg2 O-O 5.O-O d6 6.c4 Nbd7 7.Nc3 e5 8.e4 h6 9.h3
Ne8 10.b3 f5 11.dxe5 Nxe5 12.exf5 Bxf5 13.Nxe5 Bxe5 14.Bb2 c6 15.Qd2 Kh7 16.
Rad1 Qd7 17.f4 Bg7 18.Kh2 Rd8 19.Ne4 Bxb2 20.Qxb2 Bxe4 21.Bxe4 Nf6 22.Bb1 Qf7
23.Rfe1 Nh5 24.f5 gxf5 25.g4 Ng7 26.gxf5 Nxf5 27.Rf1 Qg6 28.Rg1 Qf6 29.Bxf5+
1-0

[Event "Preferente Grupo I"]
[Site ""]
[Date "2011.03.12"]
[Round "6.46"]
[White "Alcon Herrero Javier"]
[Black "Alonso Blasco Jose Miguel"]
[Result "1/2-1/2"]
[WhiteElo "2069"]
[BlackElo "2130"]

1.d4 Nf6 2.Nf3 e6 3.Bg5 c5 4.e3 Qb6 5.b3 Ne4 6.Bf4 cxd4 7.exd4 Bb4+ 8.Bd2 Nxd2
9.Nbxd2 Bc3 10.Rc1 Bb2 11.Rb1 Bxd4 12.Nxd4 Qxd4 13.Bd3 Qe5+ 14.Kf1 b6 15.Qf3
d5 16.Re1 Qd6 17.Qg4 O-O 18.Qh4 h6 19.Nf3 Ba6 20.g4 Bxd3+ 21.cxd3 Qf4 22.Ne5
Rc8 23.Kg2 Nc6 24.Nf3 e5 25.Re3 e4 26.dxe4 dxe4 27.Nd2 f5 28.h3 Rd8 29.Nb1 Ne5
30.Qe7 fxg4 31.Nc3 gxh3+ 32.Rhxh3 Ng4 33.Re2 Re8 34.Qb7 Nf6 35.Rg3 Nh5 36.Rxe4
Qf7 1/2-1/2

[Event "Preferente Grupo I"]
[Site ""]
[Date "2011.03.12"]
[Round "6.47"]
[White "Javierre Conesa Alfonso"]
[Black "Gimenez Rebollo Pablo"]
[Result "1-0"]
[WhiteElo "2058"]
[BlackElo "1975"]

1.d4 d5 2.c4 e6 3.Nc3 Nf6 4.Bg5 Nbd7 5.e3 Be7 6.Nf3 b6 7.cxd5 exd5 8.Bd3 Bb7
9.O-O O-O 10.Rc1 Re8 11.a3 a6 12.Bb1 Nf8 13.b4 Ne4 14.Bxe7 Rxe7 15.Ne5 Qd6 16.
Na4 Rc8 17.Bxe4 dxe4 18.Qc2 c5 19.bxc5 bxc5 20.Nxc5 Ne6 21.Nxb7 1-0

[Event "Preferente Grupo I"]
[Site ""]
[Date "2011.03.12"]
[Round "6.49"]
[White "Antonano Fernandez Avelino"]
[Black "Dominguez Bujeda Jesus"]
[Result "1/2-1/2"]
[WhiteElo "2144"]
[BlackElo "2138"]

1.e4 c5 2.Nf3 Nc6 3.d4 cxd4 4.Nxd4 g6 5.c4 Bg7 6.Be3 Nf6 7.Nc3 O-O 8.Be2 d6 9.
O-O Nxd4 10.Bxd4 Bd7 11.Qd2 Bc6 12.Bf3 a5 13.a4 Nd7 14.Rfd1 Bxd4 15.Qxd4 Nc5
16.Ra3 Ra6 17.Nb5 Qb6 18.g4 Nd7 19.Be2 Qxd4 20.Rxd4 Nc5 21.f3 Rc8 22.Bd1 Bd7
23.Rc3 Ne6 24.Rd2 Bc6 25.Kf2 Nc5 26.Ke3 Kg7 27.Bc2 Bxb5 28.cxb5 Raa8 29.Bb3
Nxb3 30.Rxb3 Rc5 31.Rc3 Rac8 32.Rdc2 Kf6 33.h4 b6 34.Kd4 e5+ 35.Kd3 Ke6 36.
Rxc5 dxc5 37.Kc3 Rd8 38.Rd2 Rd4 39.b3 f5 40.gxf5+ gxf5 41.Re2 Kf6 42.Re1 fxe4
43.Rxe4 Kf5 44.Re1 Rxh4 45.Rd1 Rd4 46.Rh1 Kf4 47.Rxh7 Kxf3 48.Rf7+ Ke2 49.Rf6
e4 50.Rxb6 e3 51.Rh6 Rf4 52.b6 Kf3 53.b7 e2 54.Rh3+ Kg2 55.Kd2 Re4 56.Ke1 Rb4
57.Re3 Rxb7 58.Kxe2 Rb4 59.Rc3 Re4+ 60.Kd3 Rd4+ 61.Ke3 Rb4 62.Rxc5 Rxb3+ 63.
Kd2 Kf3 64.Rxa5 Ke4 65.Kc2 Rh3 66.Rg5 Kd4 67.a5 Kc4 68.a6 Ra3 1/2-1/2

[Event "Preferente Grupo I"]
[Site ""]
[Date "2011.03.12"]
[Round "6.50"]
[White "Martin Catalan Juan Vicente"]
[Black "Jaques Burguete Raul"]
[Result "1/2-1/2"]
[WhiteElo "2095"]
[BlackElo "2027"]

1.Nf3 Nc6 2.c4 Nf6 3.Nc3 e5 4.g3 d5 5.cxd5 Nxd5 6.Bg2 Nxc3 7.bxc3 e4 8.Nd4
Nxd4 9.cxd4 Qxd4 10.Rb1 Bc5 11.O-O O-O 12.Qc2 Bf5 13.Bb2 Qd5 14.d3 exd3 15.
exd3 Qd6 16.Qc3 f6 17.Rbc1 Bb6 18.Ba3 c5 19.Bxc5 Bxc5 20.Qxc5 Qxc5 21.Rxc5
Bxd3 22.Rd1 Ba6 23.Rc7 Rad8 24.Rxd8 1/2-1/2

[Event "Preferente Grupo I"]
[Site ""]
[Date "2011.03.12"]
[Round "6.51"]
[White "Najera de Miguel Pedro"]
[Black "Gil Pineiro David"]
[Result "1-0"]
[WhiteElo "2020"]
[BlackElo "1948"]

1.c4 Nf6 2.g3 g6 3.Bg2 Bg7 4.Nc3 O-O 5.d3 d6 6.Rb1 Nbd7 7.b4 e5 8.e3 Ne8 9.
Nge2 f5 10.O-O Nef6 11.Qb3 Kh8 12.Rd1 c6 13.a4 a5 14.Ba3 axb4 15.Qxb4 Ne8 16.
d4 e4 17.Nf4 Ndf6 18.h4 Rf7 19.Qb6 Qxb6 20.Rxb6 d5 21.Bf1 Nc7 22.Rc1 Bf8 23.
Bxf8 Rxf8 24.cxd5 Ncxd5 25.Nfxd5 Nxd5 26.Nxd5 cxd5 27.Bb5 Kg7 28.Rd6 Rf6 29.
Rd8 Rf8 30.Rc7+ Kg8 31.Rxf8+ Kxf8 32.Rxh7 f4 33.Rh8+ Ke7 34.Rg8 Kf7 35.Rd8 1-0

[Event "Preferente Grupo I"]
[Site ""]
[Date "2011.03.12"]
[Round "6.52"]
[White "Barcena Laguia Francisco"]
[Black "Cebollada Pacheco Jesus Raul"]
[Result "0-1"]
[WhiteElo "1915"]
[BlackElo "1999"]

1.d4 Nf6 2.Nf3 g6 3.Bf4 Bg7 4.e3 d6 5.h3 O-O 6.Be2 c5 7.O-O b6 8.c4 Bb7 9.Nc3
Nbd7 10.Qc2 cxd4 11.exd4 a6 12.Rfd1 Qc7 13.d5 Ne5 14.Nxe5 dxe5 15.Be3 Rab8 16.
Rac1 Nd7 17.Qd2 Rfd8 18.Ne4 Nc5 19.Bxc5 bxc5 20.Qe3 Rbc8 21.g4 Qb6 22.b4 f5
23.gxf5 gxf5 24.bxc5 Qg6+ 25.Kh2 fxe4 26.Rg1 Qf6 27.Rg4 Kh8 28.Rcg1 Rg8 29.c6
Ba8 30.Qa7 e6 31.R1g2 exd5 32.cxd5 Rcf8 33.Bc4 e3 34.Qxe3 Bh6 35.Rxg8+ Rxg8
36.Rxg8+ Kxg8 37.d6+ Kh8 {Bandera.} 0-1

[Event "Preferente Grupo II"]
[Site ""]
[Date "2011.03.12"]
[Round "6.53"]
[White "Ansola Marquinez Alberto"]
[Black "Sebastian Bespin Ruben"]
[Result "0-1"]
[WhiteElo "2090"]
[BlackElo "2185"]

1.Nc3 e6 2.e4 d5 3.Nf3 dxe4 4.Nxe4 Be7 5.d4 Nd7 6.Bd3 Ngf6 7.Qe2 Nxe4 8.Bxe4
Nf6 9.Bd3 O-O 10.Be3 c5 11.O-O-O Qa5 12.Kb1 b5 13.dxc5 Nd5 14.Bd4 Nb4 15.Bxh7+
Kxh7 16.Qe4+ f5 17.Qxa8 Qxa2+ 18.Kc1 e5 19.Bxe5 Be6 20.Qb7 Qa1+ 21.Kd2 Rd8+
22.Ke3 Nxc2+ 23.Kf4 Qa4+ 24.Nd4 g5+ 25.Kg3 f4+ 26.Bxf4 gxf4+ 27.Kxf4 Rxd4+ 28.
Rxd4 Qxd4+ 29.Qe4+ Qxe4+ 30.Kxe4 Bxc5 31.Rc1 Bb3 32.f4 a5 33.Rd1 a4 34.Rd7+
Kg6 35.g4 Nb4 36.Rc7 Bc2+ 37.Ke5 Bf8 38.h4 Nd3+ 39.Kd4 Bg7+ 40.Ke3 Nxb2 41.
Rxc2 a3 42.Rc6+ Kf7 43.Rc7+ Kf8 44.Rc8+ Ke7 45.Rc7+ Kd6 46.Rxg7 a2 47.Rg6+ Kd5
48.Rg5+ Kc4 49.Ke4 a1=Q 50.Kf5 Nd3 0-1

[Event "Preferente Grupo II"]
[Site ""]
[Date "2011.03.12"]
[Round "6.54"]
[White "Jario Garcia Ricardo Javier"]
[Black "Garcia Asenjo Antonio"]
[Result "1-0"]
[WhiteElo "2130"]
[BlackElo "2017"]

1.e4 c5 2.c3 d5 3.exd5 Qxd5 4.d4 Nc6 5.Nf3 Bg4 6.Nbd2 e6 7.Bc4 Qd8 8.Qa4 Bxf3
9.Nxf3 a6 10.Ne5 Qa5 11.Qxa5 Nxa5 12.dxc5 Nxc4 13.Nxc4 Bxc5 14.Bf4 Nf6 15.b4
Be7 16.Nd6+ Bxd6 17.Bxd6 Ne4 18.Be5 f6 19.f3 Ng5 20.Bd4 e5 21.Be3 Ne6 22.O-O-O
Rc8 23.Kb2 Ke7 24.a4 Rhd8 25.Bb6 Rxd1 26.Rxd1 Rc6 27.a5 Rd6 28.Rxd6 Kxd6 29.c4
Nf4 30.g3 Nd3+ 31.Kc3 Ne1 32.f4 exf4 33.gxf4 Ng2 34.b5 Nxf4 35.c5+ Kd5 36.c6
bxc6 37.bxa6 1-0

[Event "Preferente Grupo II"]
[Site ""]
[Date "2011.03.12"]
[Round "6.55"]
[White "Argueso Pascual Jorge"]
[Black "Portero Garnica Miguel Angel"]
[Result "1/2-1/2"]
[WhiteElo "2000"]
[BlackElo "2112"]

1.d4 d5 2.c4 e6 3.Nc3 Nf6 4.Bg5 Be7 5.e3 O-O 6.Nf3 h6 7.Bh4 Ne4 8.Bxe7 Qxe7 9.
Qc2 c6 10.Bd3 Nxc3 11.Qxc3 dxc4 12.Bxc4 Nd7 13.O-O b6 14.Rac1 Bb7 15.Rfd1 Rfd8
16.Be2 Rac8 17.Rc2 Re8 18.Rcd2 Nf6 19.Rc2 Nd5 20.Qb3 Nb4 21.Rcc1 Nd5 22.Ne5 c5
23.Bb5 Red8 24.dxc5 bxc5 25.Be2 Ba8 26.Bf3 Qf6 27.Nc4 Rb8 28.Qa3 Qe7 29.h3 e5
30.e4 Nf4 31.Qc3 Rd4 32.Ne3 Bxe4 33.Qxc5 Qxc5 34.Rxc5 Bxf3 35.gxf3 Nxh3+ 36.
Kg2 Nf4+ 37.Kg3 Ne2+ 38.Kg2 Rxb2 39.Ra5 Nf4+ 40.Kg3 Rxd1 41.Nxd1 Rb7 42.Rxe5
f6 43.Rc5 g5 44.Ne3 Kf7 45.Nf5 Kg6 46.Nd6 Rb6 47.Ne4 Ra6 48.Rc2 h5 49.Rd2 h4+
50.Kh2 f5 51.Rd6+ Rxd6 52.Nxd6 Kf6 53.Nb5 a5 54.Na3 Nd3 55.Nc4 a4 56.a3 Ke6
57.Kg2 Nc5 58.Kh3 f4 59.Kg4 Kf6 60.Kh3 Kf5 61.Kg2 g4 62.fxg4+ Kxg4 63.f3+ Kg5
64.Kh3 Nd3 65.Nb6 Nb2 66.Nd5 Nd3 67.Nc3 Ne1 68.Nxa4 Nxf3 69.Nc3 Nd2 70.Nd1 f3
71.Nf2 Nc4 72.a4 Na5 73.Nh1 Nc6 74.Nf2 1/2-1/2

[Event "Preferente Grupo II"]
[Site ""]
[Date "2011.03.12"]
[Round "6.56"]
[White "Sancho Cortes Miguel Angel"]
[Black "Ruiz Gutierrez Manuel"]
[Result "1-0"]
[WhiteElo "2092"]
[BlackElo "1870"]

1.e4 c5 2.Nf3 d6 3.d4 cxd4 4.Nxd4 Nf6 5.Nc3 g6 6.Be2 Bg7 7.O-O O-O 8.Be3 a6 9.
a4 Nc6 10.f3 d5 11.exd5 Nxd5 12.Nxd5 Qxd5 13.Nxc6 Qxc6 14.c3 Be6 15.a5 Rfd8
16.Qa4 Rac8 17.Rfd1 Qxa4 18.Rxd8+ Rxd8 19.Rxa4 f5 20.Rb4 Bd5 21.f4 Rd7 22.Bd4
Bxd4+ 23.Rxd4 Kf7 24.Kf2 Kf6 25.c4 Bc6 26.Rxd7 Bxd7 27.Bf3 Bc6 28.Bxc6 bxc6
29.b4 Ke6 30.b5 cxb5 31.cxb5 axb5 32.a6 1-0

[Event "Preferente Grupo II"]
[Site ""]
[Date "2011.03.12"]
[Round "6.57"]
[White "Garcia Lopez Alberto J"]
[Black "De la Riva Fernandez Eduardo"]
[Result "0-1"]
[WhiteElo "1977"]
[BlackElo "1995"]

1.Nf3 Nf6 2.b3 d6 3.Bb2 e5 4.d3 Nc6 5.g3 Be7 6.Bg2 Bd7 7.O-O Qc8 8.Re1 O-O 9.
c4 Nh5 10.d4 e4 11.Nfd2 f5 12.e3 Nf6 13.Nc3 Nb4 14.Bf1 c6 15.a3 Na6 16.Rc1 Qe8
17.d5 Nc7 18.dxc6 bxc6 19.b4 Rb8 20.Nb3 h5 21.Nd4 h4 22.b5 hxg3 23.hxg3 c5 24.
Nde2 Ne6 25.Nd5 Ng4 26.Nef4 g5 27.Nxe6 Bxe6 28.Bh3 Ne5 29.Bxe5 dxe5 30.Nc7 Qd7
31.Nxe6 Qxe6 32.Qc2 g4 33.Bg2 Rfd8 34.Red1 Kf7 35.Rxd8 Rxd8 36.Bf1 Qd7 37.Be2
Qd2 38.Kf1 Kf6 39.Qb1 Rh8 40.Rd1 Rh1+ 41.Kg2 Rxd1 42.Qxd1 Qxd1 43.Bxd1 Bd8 44.
a4 Ke7 45.Kf1 Ba5 46.Ke2 Kd6 47.Bc2 Bb4 48.Kd1 Bc3 49.Bb1 Ke7 50.Bc2 Ke6 51.
Bb1 Kd6 52.Bc2 Kc7 53.Bb1 Kb6 54.f3 gxf3 55.g4 fxg4 56.Bxe4 Ka5 57.Kc2 Be1 58.
Kd1 Bf2 0-1

[Event "Preferente Grupo II"]
[Site ""]
[Date "2011.03.12"]
[Round "6.58"]
[White "Hernandez Delgado Gabriel"]
[Black "Lucea Valero Alejandro"]
[Result "0-1"]
[WhiteElo "1976"]
[BlackElo "1953"]

1.Nf3 d5 2.d4 Nf6 3.e3 e6 4.Bd3 Nbd7 5.O-O b6 6.b3 Bb7 7.Bb2 Bd6 8.Ne5 Bxe5 9.
dxe5 Ne4 10.f4 f5 11.Bxe4 dxe4 12.Qh5+ g6 13.Qh6 Qe7 14.Ba3 c5 15.c4 O-O-O 16.
Nc3 Bc6 17.Bb2 g5 18.Rad1 Nb8 19.Rd6 Rhe8 20.Rfd1 gxf4 21.exf4 Rxd6 22.Rxd6
Qf7 23.Nd1 Rd8 24.Rxd8+ Kxd8 25.Qf6+ Qxf6 26.exf6 Ke8 27.Ne3 Kf7 28.g4 fxg4
29.Nxg4 Nd7 30.Kf2 h5 31.Ne5+ Nxe5 32.fxe5 Kg6 33.Ke3 Kf7 34.Kf4 Kg6 35.Bc1 a5
36.Be3 Bb7 37.h4 Bc6 38.f7 Kxf7 39.Kg5 a4 40.Kxh5 axb3 41.axb3 Bb7 42.Kg5 Ba6
43.h5 b5 44.cxb5 Bxb5 45.Bxc5 Bc6 46.h6 Bd5 47.b4 Bc6 48.Be3 Bb5 49.Kf4 Bd3
50.Kg3 Be2 51.Kf2 Bh5 52.b5 0-1

[Event "Preferente Grupo II"]
[Site ""]
[Date "2011.03.13"]
[Round "6.59"]
[White "Buil Montanes Carlos"]
[Black "Gimeno Garcia David"]
[Result "0-1"]
[WhiteElo "1903"]
[BlackElo "1946"]

1.d4 Nf6 2.c4 e5 3.dxe5 Ng4 4.Nf3 Bc5 5.e3 Nc6 6.Be2 Ngxe5 7.O-O O-O 8.Nc3 Re8
9.Nd5 d6 10.a3 a5 11.b3 Nxf3+ 12.Bxf3 Ne5 13.Bb2 c6 14.Nf4 Bf5 15.Be2 Qg5 16.
Bd4 Rad8 17.Nh5 Ng4 18.Ng3 Bc8 19.Bf3 f5 20.Qd3 f4 21.Ne4 Qh4 22.h3 Bxd4 23.
exd4 Nf6 24.Nxf6+ Qxf6 25.b4 Bf5 26.Qd2 Qg6 27.Rfe1 Bxh3 28.b5 Bxg2 0-1

[Event "Preferente Grupo II"]
[Site ""]
[Date "2011.03.12"]
[Round "6.60"]
[White "Labrador Postigo Francisco"]
[Black "Minguez Guinda Andres"]
[Result "0-1"]
[WhiteElo "1905"]
[BlackElo "1896"]

1.d4 g6 2.c4 Bg7 3.Nc3 c6 4.g3 d5 5.cxd5 cxd5 6.Bg2 Nf6 7.Bg5 e6 8.Rc1 O-O 9.
Qd2 Qa5 10.h4 Nbd7 11.h5 e5 12.hxg6 fxg6 13.Nxd5 Qxd2+ 14.Bxd2 Nxd5 15.Bxd5+
Kh8 16.Nf3 exd4 17.Bb4 Rf5 18.Be4 Rh5 19.Rxh5 gxh5 20.Rc7 Nf6 21.Bxb7 Bxb7 22.
Rxb7 Ne4 23.Re7 Bf8 24.Rxe4 Bxb4+ 25.Kd1 Rf8 26.a3 Ba5 27.b4 Bb6 28.a4 d3 29.
Nd4 Rxf2 30.exd3 a5 31.b5 Ra2 32.Nf5 Kg8 33.Kc1 Bc5 34.Kb1 Ra3 35.Rc4 Bf2 36.
d4 Kf7 37.Kb2 Rf3 38.b6 Rxf5 39.b7 Bxg3 40.Rc8 h4 41.b8=Q Bxb8 42.Rxb8 h3 43.
Kc3 Rf3+ 44.Kc4 Ra3 45.Kd5 Rxa4 46.Rb3 h2 47.Rh3 Ra2 48.Rxh7+ Kg6 49.Rh3 Kg5
50.Kc6 Kg4 51.Rh8 Kg3 52.d5 Kg2 53.Rg8+ Kf1 54.Rh8 Kg1 0-1

[Event "Preferente Grupo II"]
[Site ""]
[Date "2011.03.12"]
[Round "6.61"]
[White "Martinez Asensio Juan M"]
[Black "Bach Guillamon Francisco"]
[Result "1-0"]
[WhiteElo "2144"]
[BlackElo "2021"]

1.c4 Nf6 2.g3 e6 3.Bg2 d5 4.Nf3 c6 5.O-O Be7 6.b3 Nbd7 7.Bb2 O-O 8.d3 b6 9.
Nbd2 Bb7 10.Qc2 c5 11.Rad1 Qc7 12.cxd5 Nxd5 13.a3 Bf6 14.Rc1 Rac8 15.Bxf6
N5xf6 16.b4 Qb8 17.b5 Ne5 18.Nxe5 Bxg2 19.Kxg2 Qxe5 20.Nf3 Qd5 21.Qc4 Rfd8 22.
Rc2 Qb7 23.Kg1 h6 24.a4 Rc7 25.Ra1 Rcd7 26.a5 Rxd3 27.exd3 Qxf3 28.axb6 axb6
29.Rca2 Rxd3 30.Ra8+ Kh7 31.Qc2 g6 32.Rb8 Nd5 33.Qb2 Nc3 34.Re1 e5 35.Rxb6 e4
36.Rb8 e3 37.fxe3 Rd1 38.Qxc3 1-0

[Event "Preferente Grupo II"]
[Site ""]
[Date "2011.03.12"]
[Round "6.62"]
[White "Munoz Suarez Luis Alberto"]
[Black "Carruez Berges Santiago"]
[Result "0-1"]
[WhiteElo "1967"]
[BlackElo "2110"]

1.e4 e6 2.d4 d5 3.e5 c5 4.c3 Nc6 5.Nf3 Qb6 6.Bd3 cxd4 7.cxd4 Bd7 8.O-O Nxd4 9.
Nxd4 Qxd4 10.Nc3 Qxe5 11.Re1 Qd6 12.Nb5 Bxb5 13.Bxb5+ Kd8 14.Be3 Nf6 15.Rc1
Qb4 16.Qd3 Bd6 17.a3 Qh4 18.g3 Qh5 19.Qc3 Ne4 20.Qxg7 Be5 21.Be2 Bxg7 22.Bxh5
Bxb2 23.Rb1 Bc3 24.Rec1 d4 25.Bh6 Nc5 26.Bg7 Rg8 27.Be5 Ke7 28.Bf3 Rad8 29.
Bxb7 Nd3 30.Rxc3 dxc3 31.Bxc3 Rb8 32.Bd4 a5 33.Rb3 a4 34.Rb1 Kd6 35.Ba7 Kc7
36.Bxb8+ Rxb8 37.Rd1 Rxb7 38.Rxd3 Rb3 39.Rd4 Rxa3 40.h4 Kc6 41.Kg2 e5 42.Rd8
e4 43.Rh8 Rf3 44.Rxh7 a3 45.Rh8 Kb5 46.Ra8 Kb4 47.g4 Kb3 48.h5 f5 49.g5 Rf4
50.g6 a2 51.Rb8+ Kc3 52.Rc8+ Kb2 53.Rb8+ Ka1 54.Rb6 Rh4 55.g7 Rg4+ 56.Kf1 Rxg7
57.h6 Rh7 58.Ke2 f4 59.Kd2 Rc7 60.Ra6 Rd7+ 61.Ke2 Rb7 62.Ra4 Kb2 0-1

[Event "Preferente Grupo II"]
[Site ""]
[Date "2011.03.12"]
[Round "6.63"]
[White "Larrosa Poves Jose Manuel"]
[Black "Martin Diaz Eduardo"]
[Result "0-1"]
[WhiteElo "2067"]
[BlackElo "1936"]

1.d4 Nf6 2.c4 c5 3.d5 b5 4.cxb5 a6 5.bxa6 Bxa6 6.g3 g6 7.Bg2 d6 8.b3 Bg7 9.Bb2
O-O 10.Nh3 Nbd7 11.O-O Nb6 12.Re1 Qb8 13.e4 Rc8 14.Bc3 c4 15.b4 Bb5 16.Nf4 Na4
17.Ne2 Nxc3 18.Nbxc3 Bd7 19.b5 Ra3 20.Qc1 Qa7 21.b6 Qa5 22.Rb1 Ng4 23.h3 Bxc3
24.Nxc3 Rxc3 25.Qd2 Ne5 26.b7 Rb8 27.Re3 Ra3 28.Rxa3 Qxa3 29.f4 Nd3 30.Bf1
Qa7+ 31.Kg2 Rxb7 32.Rxb7 Qxb7 33.Bxd3 cxd3 34.g4 Qb1 35.Qa5 Qc2+ 36.Kg3 Kf8
37.Qd8+ Be8 38.e5 d2 39.exd6 exd6 40.Qxd6+ Kg8 41.Qe5 Qa4 42.f5 d1=Q 43.fxg6
hxg6 44.Kh4 Qd2 45.d6 Qh6+ 46.Kg3 Qa3+ 47.Kf2 Qd2+ 0-1

[Event "Preferente Grupo II"]
[Site ""]
[Date "2011.03.12"]
[Round "6.64"]
[White "Navarro Castan Jesus"]
[Black "Temprano Mateos Luis Jose"]
[Result "0-1"]
[WhiteElo "1925"]
[BlackElo "2009"]

1.e4 e5 2.Nf3 Nc6 3.d4 exd4 4.Bc4 Nf6 5.O-O Nxe4 6.Re1 d5 7.Bxd5 Qxd5 8.Nc3
Qa5 9.Nxe4 Be6 10.Neg5 O-O-O 11.Nxe6 fxe6 12.Rxe6 Bd6 13.Bd2 Qh5 14.Qe2 Rhf8
15.h3 h6 16.Re1 Kd7 17.Qe4 Rde8 18.Rxe8 Rxe8 19.Qxe8+ Qxe8 20.Rxe8 Kxe8 21.Kf1
Ke7 22.Ke2 Ke6 23.Kd3 Ne5+ 24.Kxd4 Nxf3+ 25.gxf3 Be5+ 26.Ke4 Bxb2 27.f4 g6 28.
Be3 a6 29.Bd2 Ba3 30.Bc3 Bc5 31.f3 Bf2 32.Be5 c5 33.Bg7 h5 34.Bf8 b5 35.c3 a5
36.Bg7 Be1 37.Be5 b4 38.cxb4 cxb4 39.Kd3 Kd5 40.Bf6 Bg3 41.Be5 Bh4 42.Bc7 a4
43.Ba5 Be7 44.Bc7 Bf6 45.Ba5 b3 46.axb3 axb3 47.Bd2 b2 48.Kc2 Kc4 49.Be1 Bd4
50.Bd2 Kb5 51.Be1 Ka4 52.Bh4 Ka3 53.Kb1 Kb3 54.Be1 Be3 55.Bh4 Kc3 56.Bf6+ Bd4
57.Be5 Kc4 58.Kc2 Kd5 59.Bc7 Ke6 60.Ba5 Kf5 61.Bd2 Bg7 62.Be3 Bh6 63.Kxb2 Bxf4
64.Bf2 Be5+ 65.Kc2 Kf4 66.Kd2 Kxf3 67.Ke1 Bg3 0-1

[Event "Preferente Grupo II"]
[Site ""]
[Date "2011.03.12"]
[Round "6.65"]
[White "Cifuentes Parada Roberto"]
[Black "Salamero Pelay Fernando"]
[Result "1-0"]
[WhiteElo "2508"]
[BlackElo "2152"]

1.d4 e6 2.Nf3 f5 3.g3 Nf6 4.Bg2 d5 5.O-O Bd6 6.c4 c6 7.b3 Qe7 8.Qc2 O-O 9.Ne5
Nbd7 10.Bb2 a5 11.Nd2 a4 12.Ndf3 Ne4 13.Rab1 Bxe5 14.dxe5 Qb4 15.Rfd1 Ndc5 16.
Nd4 axb3 17.axb3 dxc4 18.bxc4 Ra4 19.f3 Ng5 20.Bc1 Nxf3+ 21.exf3 Qxc4 22.Qxc4
Rxc4 23.Ba3 Rd8 24.Nxc6 1-0

[Event "Preferente Grupo II"]
[Site ""]
[Date "2011.03.12"]
[Round "6.66"]
[White "Bellosta Lopez Pablo"]
[Black "Accattato Martin Mario"]
[Result "0-1"]
[WhiteElo "1948"]
[BlackElo "2144"]

1.e4 d6 2.d4 Nf6 3.Nc3 e5 4.Nf3 Nbd7 5.g4 Nxg4 6.Rg1 Ngf6 7.Bc4 h6 8.Be3 c6 9.
dxe5 dxe5 10.Qd3 Qc7 11.O-O-O g6 12.Kb1 Be7 13.Nh4 Nf8 14.f4 exf4 15.e5 Ng4
16.Bxf4 Be6 17.Bxe6 Nxe6 18.Nxg6 Nxf4 19.Nxf4 Nf2 20.Qf5 Nxd1 21.Rxd1 Rd8 22.
Rf1 Rf8 23.Nh5 Rd4 24.Ne4 Kd8 25.Nhf6 Bxf6 26.Nxf6 Qb6 27.c3 Rd2 28.b3 Qa5 0-1

[Event "Preferente Grupo II"]
[Site ""]
[Date "2011.03.12"]
[Round "6.67"]
[White "Horton Justin"]
[Black "Biarge Carnicer Arturo"]
[Result "0-1"]
[WhiteElo "2112"]
[BlackElo "1911"]

1.d4 Nf6 2.Nf3 g6 3.c4 Bg7 4.g3 d6 5.Bg2 O-O 6.O-O Nc6 7.Nc3 e5 8.d5 Ne7 9.e4
Ne8 10.Ne1 f5 11.Nd3 h6 12.Bd2 g5 13.exf5 Bxf5 14.Ne4 Nf6 15.Qe2 Nxe4 16.Bxe4
Qe8 17.Rae1 Bh3 18.Bg2 Bxg2 19.Kxg2 Nf5 20.Bc3 Qf7 21.Qe4 Rae8 22.f3 h5 23.Nf2
Bh6 24.Ng4 Qg7 25.Nxh6+ Qxh6 26.b4 Re7 27.c5 Ref7 28.Bb2 g4 29.Bc1 gxf3+ 30.
Rxf3 Qg6 31.Kh1 Kh8 32.Qd3 Nxg3+ 33.hxg3 Qxd3 34.Rxd3 Rf1+ 35.Rxf1 Rxf1+ 36.
Kg2 Rxc1 37.cxd6 cxd6 38.Ra3 a6 39.b5 axb5 40.Ra8+ Kg7 41.Rb8 Rc5 42.Rxb7+ Kg6
43.Kf3 Rxd5 44.Rb8 Rd3+ 45.Ke4 Rd4+ 46.Ke3 b4 47.Rg8+ Kf5 48.Rh8 Kg4 49.Rg8+
Kh3 50.Rg5 h4 51.gxh4 Kxh4 52.Rg6 Kh5 53.Rg8 d5 54.Re8 Re4+ 55.Kd3 Kg6 56.Rd8
Rd4+ 57.Ke3 Kf7 58.Rb8 Ke7 59.Rb7+ Kd6 60.Rb8 Kc7 61.Re8 Kd6 62.Rb8 Kc7 63.Re8
Re4+ 64.Kd3 Kd6 65.Rb8 Rh4 66.Rb6+ Kc7 67.Re6 Rh3+ 68.Kc2 e4 69.Re8 Kd6 70.
Rd8+ Kc5 71.Rc8+ Kd4 72.Rb8 Rc3+ 73.Kb2 Rc4 74.Kb3 e3 75.Re8 Kd3 76.Re5 Rd4
77.Rh5 e2 78.Rh3+ Kd2 0-1

[Event "Preferente Grupo II"]
[Site ""]
[Date "2011.03.12"]
[Round "6.68"]
[White "Gomez Zazurca Rodolfo"]
[Black "Perez Puyal Jose J"]
[Result "1-0"]
[WhiteElo "1814"]
[BlackElo "1961"]

1.e4 d5 2.exd5 Qxd5 3.Nc3 Qa5 4.Bc4 Nf6 5.d3 c6 6.Bd2 Qc7 7.Qe2 Bf5 8.h3 h5 9.
Nf3 e6 10.Nd4 Bh7 11.O-O-O Bc5 12.Nxe6 fxe6 13.Bxe6 Kd8 14.d4 Bd6 15.Bg5 Bf4+
16.Bxf4 Qxf4+ 17.Kb1 Kc7 18.Rhe1 Re8 19.Qc4 a6 20.g3 Qxf2 21.Re2 Qf3 22.d5 b5
23.d6+ Kb7 24.Bc8+ Kxc8 25.Rxe8+ Nxe8 26.Qe6+ Kb7 27.Qxe8 Nd7 28.Qxd7+ Kb6 29.
Qc7+ Kc5 30.Rd5+ Qxd5 31.Nxd5 Rf8 32.Nf4 Bf5 33.Qe7 Rg8 34.d7+ Kc4 35.Qf7+ 1-0